| 000 | 00465nam a2200133Ia 4500 | ||
|---|---|---|---|
| 008 | 231221s9999 xx 000 0 und d | ||
| 020 | _a978-1-4471-4594-3 | ||
| 041 | _aEnglish | ||
| 100 | _aErol Gelenbe, Ricardo Lent | ||
| 245 | 0 | _aComputer and Information Sciences III | |
| 260 |
_c2013 _bSpringer London _aNew York |
||
| 650 | _aCommunications Engineering, Networks; Computer Systems Organization and Communication Networks; Circuits and Systems | ||
| 942 | _cEB | ||
| 999 |
_c226756 _d226756 |
||